000 00650nam a2200265Ia 4500
005 20260121114442.0
008 008 260114s9999 xx 000 0 eng d
020 _a9789354246357
037 _aEBOOK
040 _aCRL
040 _beng
040 _cCRL
041 _2eng
041 _aeng
084 _qCRL
100 _aChen
_9975295
245 0 _aPassive and Active Filters - Theory and Implementations
260 _bWiley
260 _c2021
650 _aElectrical & Electronics
_9975296
856 _uhttps://ebooks.wileyindia.com/product-details/285464
942 _cEBOOK
999 _c1554262
_d1554262